[Event "III Memorial Oliver Gonzalez (Torneo A)"]
[Site "Polideportivo Daoiz y Velarde,"]
[Date "2012.09.03"]
[Round "3"]
[White "Laynez Aspenberg, Jose"]
[Black "Komljenovic, Davorin"]
[Result "0-1"]
[WhiteElo "1915"]
[BlackElo "2446"]
[PlyCount "42"]
[EventDate "2012.09.01"]
[EventRounds "9"]
[EventCountry "ESP"]

1. d4 g6 2. c4 Bg7 3. Nc3 c5 4. e3 Nf6 5. Nf3 O-O 6. Be2 cxd4 7. exd4 d5 8. O-O
Nc6 9. h3 b6 10. Re1 Bb7 11. Be3 Rc8 12. Qd2 Ne4 13. Qd1 Nxc3 14. bxc3 dxc4 15.
Bxc4 Na5 16. Bb3 Rxc3 17. Nh2 Nxb3 18. axb3 Qd5 19. Qg4 a5 20. Bd2 f5 21. Qg5
Bf6 0-1

[Event "III Memorial Oliver Gonzalez (Torneo A)"]
[Site "Polideportivo Daoiz y Velarde,"]
[Date "2012.09.03"]
[Round "3"]
[White "Ballesteros Gonzalez, David"]
[Black "Pablos Tenrero, Raquel"]
[Result "1-0"]
[WhiteElo "2227"]
[BlackElo "1965"]
[PlyCount "71"]
[EventDate "2012.09.01"]
[EventRounds "9"]
[EventCountry "ESP"]

1. d4 Nf6 2. Nf3 e6 3. c4 Bb4+ 4. Bd2 Qe7 5. a3 Bxd2+ 6. Qxd2 Ne4 7. Qc2 d5 8.
Nc3 Nxc3 9. Qxc3 O-O 10. e3 c6 11. Bd3 Nd7 12. O-O dxc4 13. Bxc4 b5 14. Be2 Bb7
15. b4 Rac8 16. Rfd1 a6 17. Nd2 e5 18. dxe5 Nxe5 19. Ne4 Rcd8 20. Nc5 Bc8 21.
h3 Qf6 22. Kf1 Rfe8 23. Rac1 Qe7 24. Rd4 Rxd4 25. exd4 Nd7 26. Bf3 Nb6 27. Bxc6
Rd8 28. Re1 Qd6 29. Nb3 Be6 30. Qc5 Qxc5 31. dxc5 Nc4 32. Bb7 Nxa3 33. c6 Bc8
34. c7 Rf8 35. Bxc8 Rxc8 36. Rd1 1-0

[Event "III Memorial Oliver Gonzalez (Torneo A)"]
[Site "Polideportivo Daoiz y Velarde,"]
[Date "2012.09.03"]
[Round "3"]
[White "Fernandez Blazquez, Diego"]
[Black "Montoya Pecurul, Marc"]
[Result "1-0"]
[WhiteElo "2215"]
[BlackElo "1925"]
[PlyCount "75"]
[EventDate "2012.09.01"]
[EventRounds "9"]
[EventCountry "ESP"]

1. e4 e5 2. Nf3 Nc6 3. Bb5 Bc5 4. c3 Nge7 5. d4 exd4 6. cxd4 Bb4+ 7. Bd2 Bxd2+
8. Qxd2 d5 9. exd5 Nxd5 10. O-O O-O 11. Bxc6 bxc6 12. Nc3 Qd6 13. Rac1 Rd8 14.
Rfe1 f6 15. Nxd5 Qxd5 16. Qf4 Rb8 17. b3 Rb7 18. Rc3 Qd6 19. Qxd6 cxd6 20. Rxc6
Bg4 21. Nd2 d5 22. f3 Bf5 23. a3 Rdd7 24. Rc5 Kf7 25. b4 Bd3 26. Re3 Bb5 27.
Kf2 a5 28. Rb3 Re7 29. bxa5 Re2+ 30. Kg3 Rxd2 31. Rcxb5 Rxb5 32. Rxb5 Rxd4 33.
Rb4 Rd3 34. Ra4 Rc3 35. a6 Rc8 36. a7 Ra8 37. Kf4 g5+ 38. Ke3 1-0

[Event "III Memorial Oliver Gonzalez (Torneo A)"]
[Site "Polideportivo Daoiz y Velarde,"]
[Date "2012.09.03"]
[Round "3"]
[White "Anton Veiga, Juan Carlos"]
[Black "Martin Prior, Francisco Jose"]
[Result "1-0"]
[WhiteElo "2126"]
[BlackElo "1867"]
[PlyCount "97"]
[EventDate "2012.09.01"]
[EventRounds "9"]
[EventCountry "ESP"]

1. e4 c5 2. Nf3 e6 3. d4 cxd4 4. Nxd4 Nf6 5. Nc3 d6 6. Be3 a6 7. f3 Be7 8. Qd2
Nc6 9. O-O-O O-O 10. g4 Nxd4 11. Bxd4 b5 12. Qf2 Nd7 13. h4 Qc7 14. Ne2 Bb7 15.
Ng3 d5 16. Bd3 dxe4 17. Bxe4 Bd6 18. Rhg1 Bxg3 19. Qxg3 e5 20. Bxb7 Qxb7 21.
Be3 Rac8 22. h5 Rc6 23. Rg2 e4 24. fxe4 Re6 25. Bd4 Nf6 26. Bxf6 Rxf6 27. Re2
Re8 28. g5 Rfe6 29. e5 Qe7 30. Rd5 h6 31. gxh6 Rxh6 32. Rg2 f5 33. exf6 Rxf6
34. Rd1 Qf7 35. a3 Rf3 36. Qg6 Qe7 37. h6 Rf7 38. Rdg1 Qe3+ 39. Kb1 Ree7 40.
Qxa6 b4 41. Rxg7+ Rxg7 42. Rxg7+ Rxg7 43. Qc8+ Kh7 44. hxg7 Qg1+ 45. Ka2 Qxg7
46. Qh3+ Kg8 47. Qb3+ Kf8 48. Qxb4+ Ke8 49. Qb8+ 1-0

[Event "III Memorial Oliver Gonzalez (Torneo A)"]
[Site "Polideportivo Daoiz y Velarde,"]
[Date "2012.09.03"]
[Round "3"]
[White "Martin Martin, Luis Vicente"]
[Black "Ananian, Arman"]
[Result "1-0"]
[WhiteElo "2069"]
[BlackElo "1866"]
[PlyCount "81"]
[EventDate "2012.09.01"]
[EventRounds "9"]
[EventCountry "ESP"]

1. d4 Nf6 2. Nf3 g6 3. Bf4 Bg7 4. e3 O-O 5. h3 d6 6. Be2 b6 7. O-O Bb7 8. Nbd2
Nbd7 9. a4 a5 10. c3 Ne4 11. Qb1 Nxd2 12. Nxd2 e5 13. Bh2 f5 14. Re1 Kh8 15. b4
axb4 16. Qxb4 f4 17. Bf3 d5 18. dxe5 Nxe5 19. Qb3 Nxf3+ 20. Nxf3 fxe3 21. Rxe3
d4 22. Nxd4 Qg5 23. Bg3 Bd5 24. Qc2 Rf6 25. Rae1 Raf8 26. Re5 Rf5 27. Nxf5 Bxe5
28. Bxe5+ Kg8 29. Ng3 Re8 30. Qe2 h5 31. Qe3 Qxe3 32. Rxe3 c6 33. Bc7 Ra8 34.
Bxb6 Rxa4 35. Re7 Kf8 36. Rc7 h4 37. Ne2 g5 38. Bc5+ Kg8 39. Nd4 Ra6 40. Nf5
Ra5 41. Nh6+ 1-0

[Event "III Memorial Oliver Gonzalez (Torneo A)"]
[Site "Polideportivo Daoiz y Velarde,"]
[Date "2012.09.03"]
[Round "3"]
[White "Solaesa Navalpotro, Luis Julio"]
[Black "Angelina Vela, Carlos"]
[Result "1-0"]
[WhiteElo "2235"]
[BlackElo "2013"]
[PlyCount "93"]
[EventDate "2012.09.01"]
[EventRounds "9"]
[EventCountry "ESP"]

1. d4 d5 2. c4 c6 3. Nf3 Nf6 4. Qc2 dxc4 5. Qxc4 Bf5 6. g3 e6 7. Bg2 Nbd7 8.
O-O Be7 9. Nc3 Ne4 10. e3 O-O 11. Qe2 Nxc3 12. bxc3 Be4 13. Rd1 Qa5 14. c4 Qh5
15. Bb2 g5 16. Rac1 Rac8 17. Rd2 Rfd8 18. h3 f5 19. Qd1 g4 20. hxg4 fxg4 21.
Nh2 Bxg2 22. Kxg2 Qh3+ 23. Kg1 Nf6 24. Qc2 Qh5 25. e4 Qg5 26. e5 Ne8 27. Rcd1
b5 28. cxb5 cxb5 29. Qe4 h5 30. d5 Rc4 31. Qe2 exd5 32. Rxd5 Rxd5 33. Rxd5 Bc5
34. Qd3 Ng7 35. Rd8+ Kf7 36. e6+ Nxe6 37. Qh7+ Ng7 38. Rd7+ Ke6 39. Rxg7 Bxf2+
40. Kf1 Rc1+ 41. Bxc1 Qxc1+ 42. Kxf2 Qd2+ 43. Kg1 Qd1+ 44. Nf1 Qd4+ 45. Kg2
Qd5+ 46. Kf2 Qf3+ 47. Kg1 1-0

[Event "III Memorial Oliver Gonzalez (Torneo A)"]
[Site "Polideportivo Daoiz y Velarde,"]
[Date "2012.09.03"]
[Round "3"]
[White "Tipter, Napoleon"]
[Black "Pastor Alonso De Prado, Albert"]
[Result "0-1"]
[WhiteElo "2002"]
[BlackElo "2172"]
[PlyCount "42"]
[EventDate "2012.09.01"]
[EventRounds "9"]
[EventCountry "ESP"]

1. e4 e5 2. Nf3 Nc6 3. Bb5 Bc5 4. O-O Nd4 5. Nxd4 Bxd4 6. c3 Bb6 7. Na3 c6 8.
Ba4 Qh4 9. d3 Nf6 10. Nc4 Ng4 11. h3 Nxf2 12. Nxb6 Nxd1 13. Nxa8 O-O 14. Bxd1
d5 15. exd5 cxd5 16. Bb3 Qd8 17. Be3 Be6 18. Bxa7 Qxa8 19. Bf2 Qa6 20. d4 e4
21. Bg3 f5 0-1

[Event "III Memorial Oliver Gonzalez (Torneo A)"]
[Site "Polideportivo Daoiz y Velarde,"]
[Date "2012.09.03"]
[Round "3"]
[White "Lopez Moll, Jose Manuel"]
[Black "Blanco Sanchez, Jose Fernando"]
[Result "1/2-1/2"]
[WhiteElo "1991"]
[BlackElo "2107"]
[PlyCount "139"]
[EventDate "2012.09.01"]
[EventRounds "9"]
[EventCountry "ESP"]

1. e4 d6 2. d4 Nf6 3. Nc3 e5 4. dxe5 dxe5 5. Qxd8+ Kxd8 6. Bg5 c6 7. Bc4 Ke8 8.
Bb3 Bb4 9. f3 Nbd7 10. Nge2 Nc5 11. O-O a5 12. Be3 Nfd7 13. Bc4 b5 14. Bxb5
cxb5 15. Nxb5 Ne6 16. a3 Bc5 17. Bxc5 Ndxc5 18. b4 Nb7 19. Nec3 Bd7 20. Rfd1 f6
21. bxa5 Bxb5 22. Nxb5 Rxa5 23. Rab1 Ke7 24. Nc3 Nbc5 25. Nd5+ Kf7 26. Ne3 Rxa3
27. Kf2 Rd8 28. Ra1 Rxa1 29. Rxa1 Rd7 30. Nd5 Nc7 31. c4 Nxd5 32. exd5 Nb3 33.
Rb1 Nd4 34. Ke3 Ke7 35. Rb6 g6 36. f4 Nf5+ 37. Ke4 Nd6+ 38. Kd3 e4+ 39. Kd4 e3
40. c5 Nf5+ 41. Ke4 e2 42. Rb1 h5 43. Re1 Kd8 44. Rxe2 Re7+ 45. Kd3 Rxe2 46.
Kxe2 Ne7 47. d6 Nc6 48. Kd3 Kd7 49. Kc4 h4 50. g3 Na5+ 51. Kd5 hxg3 52. hxg3
Nc6 53. Kc4 Ke6 54. Kb5 Kd7 55. Kc4 Na5+ 56. Kd5 f5 57. Ke5 Nc4+ 58. Kf6 Ne3
59. Kxg6 Ke6 60. Kg5 Nf1 61. g4 fxg4 62. Kxg4 Nd2 63. f5+ Kd7 64. f6 Ke6 65. c6
Ne4 66. c7 Nxd6 67. Kg5 Kd7 68. Kg6 Kxc7 69. f7 Nxf7 70. Kxf7 1/2-1/2

[Event "III Memorial Oliver Gonzalez (Torneo A)"]
[Site "Polideportivo Daoiz y Velarde,"]
[Date "2012.09.03"]
[Round "3"]
[White "Moreno Ibañez, Miguel"]
[Black "Corisco Beltran, Rafael"]
[Result "1-0"]
[WhiteElo "2093"]
[BlackElo "1979"]
[PlyCount "75"]
[EventDate "2012.09.01"]
[EventRounds "9"]
[EventCountry "ESP"]

1. e4 c5 2. Nf3 Nc6 3. Bb5 d6 4. O-O Bd7 5. Re1 Nf6 6. c3 a6 7. Ba4 b5 8. Bc2
e5 9. h3 Be7 10. d4 cxd4 11. cxd4 O-O 12. Nc3 Qc7 13. Bg5 h6 14. Be3 Na5 15.
Nd2 Nc6 16. d5 Nb4 17. Bb1 a5 18. Qe2 Na6 19. Bd3 b4 20. Nb5 Qb7 21. a4 Nc7 22.
Nxc7 Qxc7 23. Rec1 Qb7 24. Nc4 Rfc8 25. Nb6 Rxc1+ 26. Rxc1 Rd8 27. Ba6 Qb8 28.
Qc4 Bf8 29. Qc7 Qxc7 30. Rxc7 Be8 31. f3 Nd7 32. Nxd7 Bxd7 33. b3 Be8 34. Bb7
Rd7 35. Rxd7 Bxd7 36. Bb6 Bxa4 37. bxa4 b3 38. Ba6 1-0

[Event "III Memorial Oliver Gonzalez (Torneo A)"]
[Site "Polideportivo Daoiz y Velarde,"]
[Date "2012.09.03"]
[Round "3"]
[White "Hernandez Gutierrez, Jose"]
[Black "Spitzer Isbert, Ramon"]
[Result "1-0"]
[WhiteElo "1877"]
[BlackElo "2078"]
[PlyCount "131"]
[EventDate "2012.09.01"]
[EventRounds "9"]
[EventCountry "ESP"]

1. e4 Nf6 2. e5 Nd5 3. d4 d6 4. Nf3 Bg4 5. Be2 e6 6. O-O Be7 7. c4 Nb6 8. Nc3
O-O 9. Be3 Nc6 10. exd6 cxd6 11. b3 d5 12. c5 Nc8 13. b4 a6 14. b5 axb5 15.
Nxb5 f5 16. Bf4 Qd7 17. Ne5 Nxe5 18. Bxe5 Qxb5 19. Bxb5 Bxd1 20. Rfxd1 Kf7 21.
a4 Na7 22. Rdb1 Bf6 23. f4 Bxe5 24. fxe5 Ke7 25. a5 Rfb8 26. Ba4 Nc6 27. Bxc6
bxc6 28. Rb6 Kd7 29. Kf2 Kc7 30. Ke3 g5 31. g3 h5 32. h3 h4 33. gxh4 gxh4 34.
Rg1 Rg8 35. Rxg8 Rxg8 36. a6 Rg3+ 37. Kf4 Rxh3 38. Rb7+ Kc8 39. Re7 Ra3 40. a7
h3 41. Rxe6 Rxa7 42. Rxc6+ Kd7 43. Rh6 Ra4 44. e6+ Ke7 45. Ke5 Ra3 46. Rh7+ Kf8
47. Kxf5 Re3 48. Kf6 Kg8 49. Rh4 Rf3+ 50. Ke5 Kg7 51. Kxd5 Kf6 52. Kd6 Kg5 53.
Rh8 Rf4 54. Rxh3 Rxd4+ 55. Ke5 Rc4 56. Rg3+ Kh6 57. Kd6 Rd4+ 58. Ke5 Rc4 59.
Kd5 Rc1 60. e7 Re1 61. Kd6 Rd1+ 62. Kc7 Re1 63. Rc3 Rxe7+ 64. Kd6 Re1 65. c6
Rd1+ 66. Kc5 1-0

[Event "III Memorial Oliver Gonzalez (Torneo A)"]
[Site "Polideportivo Daoiz y Velarde,"]
[Date "2012.09.04"]
[Round "4"]
[White "Moreno Ruiz, Javier"]
[Black "Kravtsiv, Martyn"]
[Result "1/2-1/2"]
[WhiteElo "2492"]
[BlackElo "2581"]
[PlyCount "60"]
[EventDate "2012.09.01"]
[EventRounds "9"]
[EventCountry "ESP"]

1. d4 Nf6 2. c4 e6 3. Nc3 Bb4 4. Qc2 O-O 5. a3 Bxc3+ 6. Qxc3 b6 7. Bg5 Bb7 8.
e3 d6 9. Ne2 Nbd7 10. Qc2 c5 11. Rd1 Qc8 12. Nc3 cxd4 13. Rxd4 d5 14. Be2 e5
15. Rh4 e4 16. cxd5 Bxd5 17. O-O Re8 18. Qd2 Bc4 19. Bxc4 Qxc4 20. f3 Re5 21.
Bxf6 Nxf6 22. fxe4 Rae8 23. Qd4 Qe6 24. Rd1 h6 25. Nd5 Nxd5 26. exd5 Rxd5 27.
Qxd5 Qxe3+ 28. Kf1 Qe2+ 29. Kg1 Qe3+ 30. Kf1 Qe2+ 1/2-1/2

[Event "III Memorial Oliver Gonzalez (Torneo A)"]
[Site "Polideportivo Daoiz y Velarde,"]
[Date "2012.09.04"]
[Round "4"]
[White "Ortega Ruiz, Jose M"]
[Black "Vovk, Andrey"]
[Result "0-1"]
[WhiteElo "2300"]
[BlackElo "2549"]
[PlyCount "42"]
[EventDate "2012.09.01"]
[EventRounds "9"]
[EventCountry "ESP"]

1. d4 Nf6 2. c4 g6 3. Nc3 Bg7 4. e4 d6 5. Nf3 O-O 6. Be2 c6 7. O-O e5 8. dxe5
dxe5 9. Qxd8 Rxd8 10. Be3 Bg4 11. Rfd1 Re8 12. b4 Bf8 13. c5 a5 14. a3 Na6 15.
Rab1 axb4 16. axb4 Nc7 17. Nd2 Ra3 18. Rdc1 Rxc3 19. Rxc3 Bxe2 20. f3 Rd8 21.
Nb3 Nfd5 0-1

[Event "III Memorial Oliver Gonzalez (Torneo A)"]
[Site "Polideportivo Daoiz y Velarde,"]
[Date "2012.09.04"]
[Round "4"]
[White "Hernandez Carmenates, Holden"]
[Black "Arribas Lopez, Angel"]
[Result "1-0"]
[WhiteElo "2561"]
[BlackElo "2467"]
[PlyCount "79"]
[EventDate "2012.09.01"]
[EventRounds "9"]
[EventCountry "ESP"]

1. d4 d6 2. Nf3 g6 3. c4 Bg7 4. Nc3 Bg4 5. Qb3 Qc8 6. e3 Nf6 7. Be2 O-O 8. h3
Bd7 9. e4 e5 10. dxe5 dxe5 11. Nd5 Re8 12. Bg5 Nxe4 13. Ne7+ Rxe7 14. Bxe7 Nc6
15. Ba3 Nd4 16. Nxd4 exd4 17. Qc2 Ng5 18. O-O-O c5 19. f4 Ne6 20. Rhf1 Qc6 21.
Bd3 Bh6 22. g3 Qa6 23. Kb1 Rc8 24. f5 Ng7 25. g4 Be3 26. h4 b5 27. cxb5 Bxb5
28. Bxb5 Qxb5 29. fxg6 hxg6 30. h5 gxh5 {(=)} 31. gxh5 Rc6 32. Rf3 f5 33. Qg2
f4 34. Rh3 Rh6 35. Qd5+ Kh7 36. Bxc5 Qe2 37. Rhh1 Rxh5 38. Qe4+ Kg8 39. Bxd4
Rh2 40. Qd5+ 1-0

[Event "III Memorial Oliver Gonzalez (Torneo A)"]
[Site "Polideportivo Daoiz y Velarde,"]
[Date "2012.09.04"]
[Round "4"]
[White "Gomez Ledo, Roberto Carlos"]
[Black "Anton Guijarro, David"]
[Result "0-1"]
[WhiteElo "2431"]
[BlackElo "2546"]
[PlyCount "82"]
[EventDate "2012.09.01"]
[EventRounds "9"]
[EventCountry "ESP"]

1. d4 Nf6 2. Nf3 e6 3. c4 Bb4+ 4. Bd2 a5 5. g3 d5 6. a3 Bxd2+ 7. Nbxd2 O-O 8.
Bg2 b6 9. O-O Bb7 10. b4 dxc4 11. Nxc4 Bd5 12. Nce5 axb4 13. axb4 Nc6 14. Nxc6
Bxc6 15. Rxa8 Bxa8 16. e3 Qd6 17. Qb3 Bd5 18. Qc3 Ra8 19. Ne5 Bxg2 20. Kxg2 Nd5
21. Qc6 Ra2 22. Qxd6 cxd6 23. Rc1 Nxe3+ 24. Kh3 Nc2 25. Nc4 Nxd4 26. Nxd6 g5
27. Kg2 Nc2 28. b5 Ne3+ 29. Kf3 Nd5 30. h4 gxh4 31. gxh4 Ra3+ 32. Kg2 Nf4+ 33.
Kf1 Kg7 34. Nc8 Rh3 35. Kg1 Rxh4 36. Rc6 Rg4+ 37. Kh1 Nd3 38. f3 Rb4 39. Rxb6
Rb2 40. Nd6 Ne5 41. Kg1 h5 0-1

[Event "III Memorial Oliver Gonzalez (Torneo A)"]
[Site "Polideportivo Daoiz y Velarde,"]
[Date "2012.09.04"]
[Round "4"]
[White "Narciso Dublan, Marc"]
[Black "Meszaros, Tamas"]
[Result "1-0"]
[WhiteElo "2523"]
[BlackElo "2428"]
[PlyCount "109"]
[EventDate "2012.09.01"]
[EventRounds "9"]
[EventCountry "ESP"]

1. d4 Nf6 2. c4 e6 3. Nc3 Bb4 4. Qc2 O-O 5. a3 Bxc3+ 6. Qxc3 d5 7. e3 b6 8.
cxd5 exd5 9. Nf3 Ba6 10. Bxa6 Nxa6 11. O-O c5 12. dxc5 Nxc5 13. b4 Na4 14. Qb3
Qd7 15. Ne5 Qb5 16. Bb2 Rac8 17. Bd4 Ne4 18. Rfc1 f6 19. Nf3 Rc4 20. Rxc4 dxc4
21. Qc2 Re8 22. Rc1 Nd6 23. Qd1 Ne4 24. Ba1 c3 25. Nd4 Qd7 26. b5 Nec5 27. Qc2
Qd5 28. Bxc3 Nxc3 29. Qxc3 Rd8 30. f3 Rd7 31. Qc4 Qxc4 32. Rxc4 Kf7 33. Kf2 Ne6
34. Nc6 Rd2+ 35. Kg3 Rd7 36. Ra4 Nc5 37. Rxa7 Rxa7 38. Nxa7 Ke6 39. e4 Ke5 40.
Nc6+ Kd6 41. h4 Na4 42. h5 Nc3 43. Nd4 Ke5 44. Nc6+ Kd6 45. Nd4 Ke5 46. Nc6+
Kd6 47. Na7 Kc7 48. Kf4 Kb7 49. Nc6 Nxb5 50. Nb4 Nxa3 51. Kf5 Nb5 52. Ke6 Nd4+
53. Kf7 f5 54. Kxg7 fxe4 55. fxe4 1-0

[Event "III Memorial Oliver Gonzalez (Torneo A)"]
[Site "Polideportivo Daoiz y Velarde,"]
[Date "2012.09.04"]
[Round "4"]
[White "Espinosa Aranda, Angel"]
[Black "Forcen Esteban, Daniel"]
[Result "1/2-1/2"]
[WhiteElo "2422"]
[BlackElo "2469"]
[PlyCount "107"]
[EventDate "2012.09.01"]
[EventRounds "9"]
[EventCountry "ESP"]

1. e4 c5 2. Nf3 d6 3. d4 Nf6 4. Nc3 cxd4 5. Nxd4 Nbd7 6. g4 h6 7. Be3 a6 8. Bg2
Ne5 9. h3 Nc4 10. Bc1 e6 11. O-O Qa5 12. Qe2 Qc5 13. Rd1 Bd7 14. b3 Ne5 15. Qe1
g5 16. Be3 Qc7 17. a4 Be7 18. f4 gxf4 19. Bxf4 O-O-O 20. Ncb5 axb5 21. axb5 b6
22. Qb4 Rhe8 23. Ra6 Kb7 24. Rda1 Ra8 25. Qa4 Qb8 26. Bxe5 Rxa6 27. bxa6+ Ka8
28. Bxd6 Bxa4 29. Bxb8 Bc5 30. Kf1 Rxb8 31. a7 Rb7 32. Rxa4 b5 33. Nxb5 Rxb5
34. e5+ Nd5 35. c4 Rxb3 36. cxd5 Rb1+ 37. Ke2 Rb2+ 38. Kf3 exd5 39. Kg3 Bf2+
40. Kf4 Bxa7 41. Bxd5+ Kb8 42. Ra6 Re2 43. Rf6 Bd4 44. Be4 Be3+ 45. Kf3 Re1 46.
Bf5 Bg5 47. Rxf7 Re3+ 48. Kf2 Rxe5 49. Rh7 Re7 50. Rh8+ Kc7 51. Rc8+ Kd6 52.
Rc3 Ke5 53. Kf3 Ra7 54. Rb3 1/2-1/2

[Event "III Memorial Oliver Gonzalez (Torneo A)"]
[Site "Polideportivo Daoiz y Velarde,"]
[Date "2012.09.04"]
[Round "4"]
[White "Almagro Llamas, Pablo"]
[Black "Ruiz Sanchez, Orlen"]
[Result "1/2-1/2"]
[WhiteElo "2455"]
[BlackElo "2422"]
[PlyCount "57"]
[EventDate "2012.09.01"]
[EventRounds "9"]
[EventCountry "ESP"]

1. c4 e5 2. g3 Nf6 3. Bg2 c6 4. d4 exd4 5. Qxd4 d5 6. Nf3 Be6 7. cxd5 cxd5 8.
O-O Nc6 9. Qa4 Bc5 10. Ne5 Rc8 11. Nc3 O-O 12. Nd3 Bd4 13. Bg5 Bxc3 14. bxc3 h6
15. Bxf6 Qxf6 16. Rac1 Rfd8 17. Nf4 Rd7 18. Rfd1 Rcd8 19. Rd2 a6 20. Qa3 Ne7
21. Rcd1 Rc8 22. Rd3 Rdc7 23. Qb4 b5 24. Rf3 Nc6 25. Qb1 Ne5 26. Re3 Ng4 27.
Rf3 Ne5 28. Re3 Ng4 29. Rf3 1/2-1/2

[Event "III Memorial Oliver Gonzalez (Torneo A)"]
[Site "Polideportivo Daoiz y Velarde,"]
[Date "2012.09.04"]
[Round "4"]
[White "Barria Zuñiga, Daniel"]
[Black "Valles Moreno, Ivan"]
[Result "1/2-1/2"]
[WhiteElo "2432"]
[BlackElo "2385"]
[PlyCount "60"]
[EventDate "2012.09.01"]
[EventRounds "9"]
[EventCountry "ESP"]

1. d4 Nf6 2. c4 c5 3. d5 e6 4. Nc3 exd5 5. cxd5 Bd6 6. Nf3 O-O 7. Bg5 Re8 8. e3
Bf8 9. Nd2 d6 10. Be2 Nbd7 11. O-O a6 12. a4 h6 13. Bh4 Ne5 14. Qc2 b6 15. Rae1
Bd7 16. h3 Ng6 17. Bg3 Qb8 18. e4 b5 19. b3 Qb6 20. Kh1 Rab8 21. axb5 axb5 22.
Nd1 Qa5 23. Ne3 Ra8 24. Ng4 Bxg4 25. Bxg4 Qa2 26. Qc3 Qa5 27. Qc2 Qa2 28. Qc3
Qa5 29. Qc2 Qa2 30. Qc3 Qa5 1/2-1/2

[Event "III Memorial Oliver Gonzalez (Torneo A)"]
[Site "Polideportivo Daoiz y Velarde,"]
[Date "2012.09.04"]
[Round "4"]
[White "Fedorchuk, Sergey A"]
[Black "Aranda Marin, Cristian"]
[Result "1/2-1/2"]
[WhiteElo "2646"]
[BlackElo "2328"]
[PlyCount "126"]
[EventDate "2012.09.01"]
[EventRounds "9"]
[EventCountry "ESP"]

1. e4 e6 2. d4 d5 3. Nd2 Nf6 4. e5 Nfd7 5. Ngf3 b6 6. c3 a5 7. Be2 Ba6 8. Nf1
Bxe2 9. Qxe2 Qc8 10. Ng5 Nc6 11. Ne3 Be7 12. Qh5 g6 13. Qh6 Bxg5 14. Qxg5 h6
15. Qh4 Qa6 16. Ng4 h5 17. Bg5 a4 18. Ne3 Qb5 19. Rb1 Na5 20. Qf4 Rh7 21. h4 a3
22. b4 Qd3 23. Rc1 Nc4 24. Nxc4 Qxc4 25. Qd2 b5 26. Rh3 Nb6 27. Rf3 Na4 28. Ra1
Kd7 29. Qc2 Kc6 30. Kd2 Kb7 31. Qb3 Nb6 32. Re1 Qc6 33. Kc1 Nc4 34. Qc2 Qa6 35.
Kb1 Qc6 36. Rf6 Qd7 37. Rh1 Ra6 38. Rh3 Rc6 39. Bc1 Ra6 40. Rhf3 Qe8 41. Qd3
Ra8 42. Bg5 Rd8 43. R6f4 Rd7 44. Bf6 Qa8 45. Re3 Qa6 46. Re1 Qc6 47. Rf3 Nb2
48. Qc2 Nc4 49. Rg3 Qa6 50. Rg5 Rh6 51. Rh1 Qc6 52. Ka1 Nb6 53. Qc1 Nc4 54. f3
Nb2 55. Qc2 Qc4 56. Qb3 Qe2 57. Qxa3 Nc4 58. Qc1 c6 59. Re1 Qf2 60. Rf1 Qe2 61.
Re1 Qf2 62. Rf1 Qe2 63. Re1 Qf2 1/2-1/2

[Event "III Memorial Oliver Gonzalez (Torneo A)"]
[Site "Polideportivo Daoiz y Velarde,"]
[Date "2012.09.04"]
[Round "4"]
[White "Suarez Uriel, Adrian"]
[Black "Horvath, Adam"]
[Result "0-1"]
[WhiteElo "2245"]
[BlackElo "2495"]
[PlyCount "86"]
[EventDate "2012.09.01"]
[EventRounds "9"]
[EventCountry "ESP"]

1. e4 c5 2. Ne2 e6 3. d4 cxd4 4. Nxd4 a6 5. Be2 Nf6 6. O-O Nxe4 7. Bf3 Nf6 8.
Re1 Be7 9. Nc3 O-O 10. Bf4 d5 11. Qe2 Nc6 12. Nb3 b5 13. a3 Bd7 14. Rad1 Rc8
15. Nc1 Re8 16. Qf1 h6 17. Bg3 Qb6 18. Rd2 Na5 19. Rde2 Nc4 20. Nd1 b4 21. axb4
Bxb4 22. c3 Bd6 23. b3 Bxg3 24. bxc4 Bb8 25. cxd5 Bb5 26. dxe6 fxe6 27. g3 Ba7
28. Qg2 Bxe2 29. Nxe2 Qb1 30. h4 e5 31. Qf1 e4 32. Bg2 Qd3 33. Nb2 Qb5 34. Nd1
Nd5 35. Kh1 a5 36. Bh3 Rcd8 37. Qg2 a4 38. Nf4 Nxf4 39. gxf4 a3 40. Rg1 Qb7 41.
Qg6 Qf7 42. Qa6 a2 43. f5 Bxf2 0-1

[Event "III Memorial Oliver Gonzalez (Torneo A)"]
[Site "Polideportivo Daoiz y Velarde,"]
[Date "2012.09.04"]
[Round "4"]
[White "Lariño Nieto, David"]
[Black "Renteria, Jorge"]
[Result "1-0"]
[WhiteElo "2487"]
[BlackElo "2310"]
[PlyCount "99"]
[EventDate "2012.09.01"]
[EventRounds "9"]
[EventCountry "ESP"]

1. e4 e6 2. d3 d5 3. Nd2 c5 4. Ngf3 Nc6 5. exd5 exd5 6. d4 Bd6 7. dxc5 Bxc5 8.
Nb3 Bb6 9. Bg5 f6 10. Bf4 Nge7 11. Be2 O-O 12. O-O Ng6 13. Qd2 Nxf4 14. Qxf4
Be6 15. Nbd4 Nxd4 16. Nxd4 Bxd4 17. Qxd4 Qb6 18. Qxb6 axb6 19. Rfd1 Rfc8 20. c3
d4 21. Rxd4 Rxa2 22. Rxa2 Bxa2 23. Bf3 Rc7 24. Rb4 Be6 25. Rxb6 Bc8 26. Bd5+
Kf8 27. f4 Ke7 28. Kf2 h6 29. c4 Kd8 30. b4 Re7 31. Rd6+ Kc7 32. c5 Bd7 33. h3
Bc6 34. Be6 Re8 35. g4 Ra8 36. Bb3 Ra1 37. Rd3 Bb5 38. Re3 Rf1+ 39. Kg3 Bc6 40.
f5 Kd8 41. Bf7 Rb1 42. Kh4 Rxb4 43. Kh5 Re4 44. Rxe4 Bxe4 45. Kg6 Bg2 46. Kxg7
Bxh3 47. Bh5 Ke7 48. Kxh6 Kf8 49. Kg6 Ke7 50. Kg7 1-0

[Event "III Memorial Oliver Gonzalez (Torneo A)"]
[Site "Polideportivo Daoiz y Velarde,"]
[Date "2012.09.04"]
[Round "4"]
[White "Rubio Mejia, Luis Ignacio"]
[Black "Adan Bermudez, Sergio"]
[Result "1-0"]
[WhiteElo "2430"]
[BlackElo "2308"]
[PlyCount "113"]
[EventDate "2012.09.01"]
[EventRounds "9"]
[EventCountry "ESP"]

1. d4 d6 2. Nf3 g6 3. c4 Bg7 4. Nc3 c5 5. d5 Bxc3+ 6. bxc3 f5 7. Qc2 Nf6 8. Bh6
Rg8 9. e3 Nbd7 10. Bf4 Ne4 11. Bd3 Ndf6 12. Ng5 Qa5 13. Rc1 Nxg5 14. Bxg5 Bd7
15. e4 fxe4 16. Bxe4 O-O-O 17. Bf3 Bg4 18. Bxg4+ Nxg4 19. Qe2 Ne5 20. f4 Nd7
21. O-O Rde8 22. Rfe1 Qa4 23. Qe6 Qxc4 24. Bxe7 Qxf4 25. g3 Qf5 26. Qxd6 g5 27.
Re6 Rg6 28. Rce1 Qd3 29. Bf8 Rgxe6 30. dxe6 Qxd6 31. Bxd6 Nf8 32. Bxf8 Rxf8 33.
Re5 h6 34. Rxc5+ Kb8 35. e7 Re8 36. Re5 Kc7 37. Re6 h5 38. Kf2 Kd7 39. Re5 g4
40. Rxh5 Rxe7 41. h4 gxh3 42. Rxh3 Re4 43. Rh4 Re5 44. Rd4+ Ke6 45. Ra4 a6 46.
Rb4 b5 47. a4 Rc5 48. axb5 axb5 49. Re4+ Kd5 50. Re3 Kc4 51. g4 Kb3 52. Ke2 Kc2
53. Rg3 Re5+ 54. Kf2 Kd2 55. g5 Re2+ 56. Kf3 Re6 57. Kf4 1-0

[Event "III Memorial Oliver Gonzalez (Torneo A)"]
[Site "Polideportivo Daoiz y Velarde,"]
[Date "2012.09.04"]
[Round "4"]
[White "Pogorelov, Ruslan"]
[Black "Martin Rueda, Daniel"]
[Result "1/2-1/2"]
[WhiteElo "2422"]
[BlackElo "2297"]
[PlyCount "74"]
[EventDate "2012.09.01"]
[EventRounds "9"]
[EventCountry "ESP"]

1. Nf3 d5 2. d4 Nf6 3. c4 c6 4. Nc3 dxc4 5. a4 Bf5 6. Ne5 Nbd7 7. Nxc4 Qc7 8.
g3 e5 9. dxe5 Nxe5 10. Bf4 Nfd7 11. Bg2 f6 12. O-O O-O-O 13. Ne3 Be6 14. Qc2 g5
15. Bxe5 Nxe5 16. a5 a6 17. Ne4 Be7 18. Nc5 Bxc5 19. Qxc5 Qd6 20. Qc3 Qd2 21.
Qa3 Rhe8 22. Rfe1 Nc4 23. Nxc4 Bxc4 24. e3 Re5 25. Bf3 Qd3 26. Qa4 Bb3 27. Qg4+
Be6 28. Qb4 Qd6 29. Qa4 Bd5 30. e4 Qe7 31. Re3 f5 32. exd5 Rxe3 33. fxe3 Qxe3+
34. Kg2 g4 35. Bxg4 Rxd5 36. Rf1 Rd2+ 37. Kh1 fxg4 1/2-1/2